000 00285cam a22000977a 4500
008 180718b1973 xxu||||| |||| 00| 0 eng d
082 _aK232x42 Un3
245 _aReview body on armed forces pay : second report
260 _aLondon
_bHer Majesty's Stationery office
_c1973
300 _a62+p.
999 _c499833
_d499833